00934cam a22002655a 4500001001000000003000400010005001700014008004100031020002500072020002200097040004000119082002300159100003000182245005700212250003100269260004500300300004100345500002400386650004200410651001000452653002100462942000800483999001700491952016000508015743773OSt20160620133920.0110126t2012 at a fr 001 0 eng d a9781111427429 (pbk.) a1111427429 (pbk.) aStDuBDSbengcStDuBDSdUkdEG-ScBUE04a620.00151bONE2221 aO’Neil, Peter V.91845110aAdvanced engineering mathematics /cPeter V. O'Neil. a7th ed., International ed. a[Canberra] :bCengage Learning,cc.2012. axiv, 975 p. :bill. (col.) ;c26 cm. aIndex : p. 945-973. 7aEngineering mathematics.2BUEsh93194 2BUEsh bENGGENcJune2016 2ddc c21925d21897 00102ddc40708BaccahaMAINbMAINc1STd2016-06-20ePurchaseg711.00h25845l2m10o620.00151 ONEp000032697r2025-07-15 00:00:00s2025-04-28v888.75yBB